000
00230 a2200097 4500
001
46150
100
_a
Parkinson R
245
_a
Encyclopedia of Modern Warfare
260
_a
London
_b
Routledge & Kegan P
_c
090
_c
29254
_d
29254
942
_a
NUST-CAE
_c
M
_c
21396
999
_c
281223
_d
281223